[Event "8th ch-Euro"]
[Site "Dresden GER"]
[Date "2007.04.04"]
[Round "2"]
[White "Siebrecht,S"]
[Black "Yaksin,O"]
[Result "1-0"]
[WhiteElo "2457"]
[BlackElo "2236"]

1.Nf3 d5 2.g3 c6 3.Bg2 Bg4 4.O-O Nd7 5.d3 Ngf6 6.Nbd2 e5 7.e4 dxe4 8.dxe4 Be7
9.h3 Bxf3 10.Qxf3 O-O 11.a4 Qc7 12.Nc4 Rfe8 13.Qe2 b6 14.Kh2 a6 15.Bg5 b5
16.Nd2 Nc5 17.axb5 axb5 18.Be3 Ne6 19.Nb3 Nd7 20.c3 Ndc5 21.Nxc5 Bxc5 22.Bd2 Rad8
23.b4 Be7 24.Be3 c5 25.Qxb5 Rb8 26.Qa4 cxb4 27.cxb4 Bxb4 28.Rfd1 Red8 29.Rd5 Qe7
30.Rad1 Bc3 31.Rd7 Qf8 32.R1d5 Rxd7 33.Qxd7 Rd8 34.Qa4 Ra8 35.Qc4 Rc8 36.Qd3 h6
37.f4 Qb4 38.Qa6 Qc4 39.Bf1 Qxa6 40.Bxa6 Ra8 41.Bb7 Ra2+ 42.Kg1 exf4 43.Bxf4 g5
44.Be5 Bxe5 45.Rxe5 Nd4 46.Re8+ Kg7 47.Bd5 Nf3+ 48.Kf1 Nh2+ 49.Ke1 Nf3+ 50.Kd1 Ra7
51.Rb8 Ng1 52.h4 gxh4 53.gxh4 Nf3 54.h5 Kf6 55.Ke2 Ng5 56.Rb6+ Kg7 57.Ke3 Ra3+
58.Kf4 Nh7 59.Ke5 Rf3 60.Rb7 Ng5 61.Kd6 Rf6+ 62.Kd7 Nf3 63.Ke8 Ne5 64.Re7 Nf3
65.Bxf7 Rb6 66.Bd5+ Kh8 67.Kd7 Ra6 68.Re8+ Kg7 69.e5 Ra7+ 70.Kc6 Nd4+ 71.Kb6 Rd7
72.Kc5 Nf5 73.Rg8+ Kh7 74.Rf8 Ne3 75.Bc6 Ra7 76.Rf3 Ng4 77.Be4+ Kh8 78.e6 Ne5
79.Rf5 Ra5+ 80.Kd4 Nc6+ 81.Bxc6 Rxf5 82.e7  1-0

[Event "8th ch-Euro w"]
[Site "Dresden GER"]
[Date "2007.04.04"]
[Round "2"]
[White "Zakurdjaeva,I"]
[Black "Kononenko,T"]
[Result "1/2-1/2"]
[WhiteElo "2296"]
[BlackElo "2379"]

1.Nf3 d5 2.g3 c6 3.Bg2 Bg4 4.d3 Nd7 5.Nbd2 e6 6.b3 Bd6 7.Bb2 f6 8.e4 Ne7
9.O-O O-O 10.h3 Bh5 11.Qe1 Qc7 12.Nd4 Bf7 13.exd5 exd5 14.Ne6 Bxe6 15.Qxe6+ Rf7
16.d4 Nf8 17.Qe2 Qd7 18.Rfe1 a5 19.c4 a4 20.c5 Bc7 21.bxa4 Rxa4 22.Qd1 Ra7
23.a4 Neg6 24.h4 Re7  1/2-1/2

[Event "8th ch-Euro w"]
[Site "Dresden GER"]
[Date "2007.04.04"]
[Round "2"]
[White "Kovalevskaya,E"]
[Black "Richards,H"]
[Result "1-0"]
[WhiteElo "2435"]
[BlackElo "2220"]

1.Nf3 d5 2.g3 c5 3.Bg2 Nc6 4.O-O Nf6 5.d3 e5 6.Nbd2 Be7 7.e4 dxe4 8.dxe4 O-O
9.c3 h6 10.Qe2 Be6 11.Nc4 Qc7 12.Nh4 Rfd8 13.Nf5 Bf8 14.f4 b5 15.Nce3 Rab8
16.fxe5 Nd7 17.Nd5 Bxd5 18.exd5 Ncxe5 19.Bf4 Re8 20.d6 Qb6 21.Rad1 c4+ 22.Kh1 Nd3
23.Ne7+ Kh8 24.Rxd3 cxd3 25.Qxd3 Bxe7 26.dxe7 Rxe7 27.Bxb8 Qxb8 28.Rd1 Nc5
29.Qd8+ Qxd8 30.Rxd8+ Kh7 31.Bf1 a6 32.Kg2 g6 33.Rd6 Ra7 34.Kf3 Kg7 35.c4 b4
36.b3 a5 37.Rd5 Rc7 38.h4 Kf6 39.Bd3 Nxd3 40.Rxd3 Rc5 41.Rd6+ Ke5 42.Rd8 Kf5
43.g4+ Kf6 44.Kf4 h5 45.g5+ Ke6 46.Ra8 Rf5+ 47.Ke4 Re5+ 48.Kd4 Kf5 49.c5 Re1
50.c6 Rc1 51.Rxa5+ Kg4 52.Rc5 Rd1+ 53.Ke5 Kxh4 54.c7 Re1+ 55.Kf6  1-0

[Event "8th ch-Euro"]
[Site "Dresden GER"]
[Date "2007.04.05"]
[Round "3"]
[White "Urban,K"]
[Black "Sedlak,N"]
[Result "1/2-1/2"]
[WhiteElo "2452"]
[BlackElo "2561"]

1.Nf3 d5 2.g3 c6 3.Bg2 Bg4 4.d3 Nd7 5.O-O e6 6.c4 Bc5 7.cxd5 exd5 8.Nc3 Ne7
9.Qb3 b5 10.e4 dxe4 11.Nxe4 O-O 12.Nxc5 Nxc5 13.Qc3 Bxf3 14.Bxf3 Ne6 15.Bg2 Rc8
16.b3 Qd4 17.Bb2 Qxc3 18.Bxc3 Nd5 19.Bb2 Rfd8 20.Rfd1 Nb4 21.Bf1 Nc5 22.d4 Ne6
23.Rd2 Nd5 24.Rc1 a6 25.Bg2  1/2-1/2

[Event "8th ch-Euro"]
[Site "Dresden GER"]
[Date "2007.04.05"]
[Round "3"]
[White "Espig,L"]
[Black "Kregelin,J"]
[Result "1-0"]
[WhiteElo "2351"]
[BlackElo "2181"]

1.Nf3 d5 2.g3 e6 3.Bg2 f5 4.b3 Nf6 5.Bb2 Bd6 6.c4 c6 7.O-O O-O 8.d4 Qe7 9.Qc1 b6
10.Ne5 Bb7 11.Nd3 Nbd7 12.Ba3 a5 13.Bxd6 Qxd6 14.Qf4 Qxf4 15.Nxf4 Kf7 16.Nd2 Ba6
17.Rfc1 Rac8 18.Nf3 Ne4 19.Nd3 Ke7 20.Nfe5 Nxe5 21.Nxe5 Nf6 22.c5 b5 23.e3 Rc7
24.Bf1 Bc8 25.b4 a4 26.Rab1 Bd7 27.Bd3 g6 28.h3 Rg8 29.f3 Kf8 30.Kf2 Kg7
31.g4 h5 32.Rg1 Kh7 33.Rg2 Rg7 34.Ke2 Be8 35.Kd2 Kg8 36.Rbg1 Kh7 37.a3 Rce7
38.Ke2 Rc7 39.Kf2 Ra7 40.gxf5 exf5 41.h4 Rac7 42.Kg3 Kh6 43.Kf4 Rce7 44.Rg5 Nh7
45.R5g2 Nf6 46.e4 dxe4 47.fxe4 fxe4 48.Bxe4 Nxe4 49.Kxe4 Bd7 50.Rxg6+ Rxg6
51.Rxg6+ Kh7 52.Rd6  1-0

[Event "18th Pobeskydi Chance Cup"]
[Site "Frydek Mistek CZE"]
[Date "2007.04.05"]
[Round "1"]
[White "Zickus,S"]
[Black "Doubek,T"]
[Result "1-0"]
[WhiteElo "2265"]
[BlackElo "1915"]

1.Nf3 d5 2.g3 Nf6 3.Bg2 Bf5 4.d3 e6 5.Nc3 Bd6 6.Nd2 c6 7.e4 Bg6 8.Qe2 Nbd7
9.exd5 Bh5 10.Bf3 Bxf3 11.Nxf3 cxd5 12.O-O O-O 13.Nb5 Bb8 14.c4 Re8 15.Nc3 Nb6
16.Bg5 h6 17.Bxf6 gxf6 18.c5 Nd7 19.d4 Nf8 20.Rfe1 Kg7 21.Qb5 Qd7 22.Qxd7 Nxd7
23.Nxd5 Bxg3 24.hxg3 exd5 25.Nh4 Re6 26.Nf5+ Kh7 27.Nd6 Kg7 28.Nxb7 Rb8 29.Rxe6 fxe6
30.c6 Nb6 31.Rc1 Nc8 32.b4 Kf8 33.Kg2 Ke7 34.Rh1 Nd6 35.Rxh6 Nxb7 36.Rh7+ Kd6
37.Rxb7 Rxb7 38.cxb7 Kc7 39.Kf3 Kxb7 40.a4 a5 41.b5  1-0

[Event "30th Open"]
[Site "San Sebastian ESP"]
[Date "2007.04.05"]
[Round "6"]
[White "Cremers,M"]
[Black "Vera Gonzalez Quevedo,R"]
[Result "0-1"]
[WhiteElo "2106"]
[BlackElo "2481"]

1.Nf3 d5 2.g3 Nc6 3.d4 Bf5 4.Bg2 Nb4 5.Na3 e6 6.O-O Be7 7.c3 Nc6 8.Nb1 Nf6
9.Bg5 O-O 10.Nbd2 h6 11.Bxf6 Bxf6 12.Re1 Bh7 13.e4 Rb8 14.e5 Be7 15.a3 Qd7
16.h3 b6 17.Qa4 Nxe5 18.Qa6 Nxf3+ 19.Nxf3 Bf6 20.a4 c5 21.Qb5 Qc7 22.Rec1 c4
23.b4 cxb3 24.Qxb3 Be4 25.Ne1 Bxg2 26.Kxg2 Rbc8 27.Nd3 Qc4 28.Qd1 Rc7 29.h4 Rfc8
30.Rab1 Qa6 31.Ra1 Rxc3  0-1

[Event "8th ch-Euro"]
[Site "Dresden GER"]
[Date "2007.04.06"]
[Round "4"]
[White "Bocharov,D"]
[Black "Meier,Geo"]
[Result "1-0"]
[WhiteElo "2602"]
[BlackElo "2512"]

1.g3 d5 2.Nf3 Nf6 3.Bg2 c6 4.O-O Bg4 5.c4 e6 6.cxd5 Bxf3 7.Bxf3 cxd5 8.Nc3 Nc6
9.d3 Be7 10.Bd2 O-O 11.a3 Rc8 12.Bg2 Nd7 13.Kh1 Nc5 14.b4 Nd7 15.f4 g6 16.g4 a6
17.h3 Nb6 18.Rc1 Re8 19.e3 Rc7 20.Ne2 Bf6 21.Qb3 Bg7 22.a4 Ree7 23.f5 Re8
24.fxe6 fxe6 25.b5 axb5 26.axb5 Ne5 27.Nf4 Rxc1 28.Rxc1 Kh8 29.Qa3 Qh4 30.Be1 Qg5
31.Rc7 Ned7 32.Rxb7 e5 33.Rxd7 exf4 34.Rxg7 Kxg7 35.Qa7+ Kh6 36.Qxb6 Rxe3
37.Bd2 Qe5 38.Bxe3 fxe3 39.Qd8 Qa1+ 40.Kh2 Qe5+ 41.Kg1 e2 42.Qh4+ Kg7 43.Qe1 Qe3+
44.Kh2 Qxd3 45.b6 Qd1 46.Qc3+ d4 47.Qc7+ Kf6 48.Qd6+ Kg7 49.Qe5+  1-0

[Event "8th ch-Euro"]
[Site "Dresden GER"]
[Date "2007.04.06"]
[Round "4"]
[White "Hera,I"]
[Black "Kharlov,A"]
[Result "1-0"]
[WhiteElo "2501"]
[BlackElo "2572"]

1.Nf3 d5 2.g3 Nf6 3.Bg2 g6 4.O-O Bg7 5.d3 O-O 6.Nc3 d4 7.Na4 Nc6 8.c4 dxc3
9.Nxc3 h6 10.d4 Be6 11.e4 Bg4 12.Be3 Ne8 13.e5 Qd7 14.Qb3 Rb8 15.Rfd1 Na5
16.Qd5 Qxd5 17.Nxd5 Nc6 18.h3 Bxf3 19.Bxf3 e6 20.Nf4 Ne7 21.Nd3 b6 22.Rac1 a5
23.h4 Nf5 24.Bc6 h5 25.Be4 Nxe3 26.fxe3 Rd8 27.Rc6 Kh8 28.Rdc1 Rg8 29.Kf2 Bf8
30.Nf4 Rd7 31.Bg2 Kh7 32.Bf3 Be7 33.Ke2 Bd8 34.R6c3 Ng7 35.Bc6 Re7 36.e4 Rf8
37.Rf1 f6 38.exf6 Rxf6 39.e5 Rf8 40.Nxg6 Rxf1 41.Nxe7 Rf7 42.Be4+ Nf5 43.Nc6 Be7
44.d5  1-0

[Event "18th Pobeskydi Chance Cup"]
[Site "Frydek Mistek CZE"]
[Date "2007.04.06"]
[Round "3"]
[White "Zickus,S"]
[Black "Hrabal,M"]
[Result "1-0"]
[WhiteElo "2265"]
[BlackElo "1911"]

1.Nf3 d5 2.g3 c5 3.Bg2 Nc6 4.d4 e6 5.O-O Qc7 6.c4 dxc4 7.Na3 cxd4 8.Nxd4 Bxa3
9.Nb5 Qe7 10.bxa3 Nf6 11.Nd6+ Kf8 12.a4 Qd8 13.Ba3 Kg8 14.Nxc4 Qxd1 15.Rfxd1 h6
16.Nd6 g5 17.Bb2  1-0

[Event "Easter Open"]
[Site "Oberhausen GER"]
[Date "2007.04.06"]
[Round "2"]
[White "Hombrecher,K"]
[Black "Bruemmer,F"]
[Result "1/2-1/2"]
[WhiteElo "1968"]
[BlackElo "2271"]

1.Nf3 d5 2.g3 Nf6 3.Bg2 c6 4.O-O Bg4 5.d4 Nbd7 6.Nbd2 e6 7.Re1 h6 8.e4 dxe4
9.Nxe4 Nxe4 10.Rxe4 Nf6 11.Re1 Be7 12.c3 O-O 13.Qb3 Qb6 14.Ne5 Bf5 15.Nc4 Qxb3
16.axb3 Rfd8 17.b4 Nd5 18.Na5 Rd7 19.Bd2 Bd3 20.Nb3 b6 21.Nc1 Bf5 22.Ne2 Rc8
23.Be3 g5 24.Nc1 Kg7 25.Nb3 h5 26.h3 h4 27.g4 Bg6 28.Nd2 Nxe3 29.fxe3 c5
30.bxc5 bxc5 31.Nc4 f6 32.Na5 Bd8 33.Bc6 Rd6 34.Bf3 Rd7 35.Bc6 Re7 36.Bf3 Bb6
37.Nc4 Bc7 38.Na5 Bg3 39.Red1 Rcc7 40.Nc6 Red7 41.Nb8 Re7 42.Nc6  1/2-1/2

[Event "30th Open"]
[Site "San Sebastian ESP"]
[Date "2007.04.06"]
[Round "7"]
[White "Tratar,M"]
[Black "Huerga Leache,M"]
[Result "1/2-1/2"]
[WhiteElo "2476"]
[BlackElo "2344"]

1.Nf3 d5 2.g3 g6 3.Bg2 Bg7 4.c4 c6 5.cxd5 cxd5 6.d4 Nc6 7.O-O Qb6 8.Nc3 e6
9.e3 Nf6 10.b3 O-O 11.Ba3 Re8 12.Qe2 Qa5 13.Bb2 Bd7 14.Rfc1 Rec8 15.a3  1/2-1/2

[Event "ch-DEN"]
[Site "Aalborg DEN"]
[Date "2007.04.07"]
[Round "8"]
[White "Hansen,LB"]
[Black "Pedersen,Stef"]
[Result "0-1"]
[WhiteElo "2575"]
[BlackElo "2439"]

1.Nf3 d5 2.g3 Bg4 3.Bg2 Nd7 4.O-O e6 5.d3 Bc5 6.Nbd2 Ne7 7.c4 c6 8.a3 a5
9.b3 Nf5 10.Bb2 Bh5 11.e4 dxe4 12.dxe4 Nd4 13.b4 Ne5 14.bxc5 Ndxf3+ 15.Nxf3 Qxd1
16.Rfxd1 Nxf3+ 17.Kh1 f6 18.Rd3 Ne5 19.Bxe5 fxe5 20.Rb1 Rb8 21.f3 Ke7 22.Rdb3 Rhd8
23.Rxb7+ Rxb7 24.Rxb7+ Kf8 25.Kg1 Rd3 26.f4 Rxa3 27.f5 Ra1+ 28.Kf2 Ra2+ 29.Kg1 Ra1+
30.Kf2 Ra2+ 31.Kg1 a4 32.h3 Be2 33.g4 a3 34.Ra7 Bxc4 35.g5 exf5 36.exf5 Ra1+
37.Kh2 a2 38.Bxc6 Rc1 39.Ra8+ Ke7 40.Ra7+ Kd8  0-1

[Event "8th ch-Euro w"]
[Site "Dresden GER"]
[Date "2007.04.07"]
[Round "5"]
[White "Franciskovic,B"]
[Black "Kachiani,K"]
[Result "1/2-1/2"]
[WhiteElo "2189"]
[BlackElo "2374"]

1.Nf3 d5 2.g3 Nf6 3.Bg2 e6 4.c4 Be7 5.O-O O-O 6.d4 dxc4 7.Qc2 a6 8.Qxc4 b5
9.Qc2 Bb7 10.Bg5 Be4 11.Qc1 Nbd7 12.Nbd2 Bd5 13.Re1 h6 14.Bxf6 Bxf6 15.e4 Bb7
16.Nb3 a5 17.Nc5 Nxc5 18.Qxc5 Qd7 19.Rac1 Rfc8 20.Ne5 Qe8 21.Bf1 c6 22.Qb6 Bxe5
23.dxe5 Qe7 24.Red1 b4 25.Rd6 c5  1/2-1/2

[Event "30th Open"]
[Site "San Sebastian ESP"]
[Date "2007.04.07"]
[Round "8"]
[White "Perez Cameselle,F"]
[Black "Sanz Rodero,M"]
[Result "1-0"]
[WhiteElo "2003"]
[BlackElo "1889"]

1.Nf3 d5 2.g3 Nf6 3.Bg2 c6 4.O-O Bf5 5.d3 e6 6.Nbd2 h6 7.e3 Be7 8.Qe2 O-O
9.e4 Bh7 10.e5 Nfd7 11.Re1 c5 12.c4 dxc4 13.dxc4 Nc6 14.h4 Qc7 15.a3 Rab8
16.Nf1 Rfd8 17.Bf4 Nd4 18.Nxd4 cxd4 19.h5 d3 20.Qg4 Bf5 21.Qf3 Qxc4 22.Ne3 Qb3
23.Nxf5 exf5 24.e6 fxe6 25.Bxb8 Rxb8 26.Rad1 Qxb2 27.Qxd3 Rd8 28.Qc4 Nf8
29.Rxd8 Bxd8 30.a4 Qd2 31.Re2 Qd1+ 32.Kh2 Qd7 33.Qb5 Qxb5 34.axb5 a6 35.Bxb7 axb5
36.Rb2 Kf7 37.Kg2 Kf6 38.Rxb5 Nd7 39.Bf3 Ne5 40.Be2 Nf7 41.Rb8 Bc7 42.Rc8 Ba5
43.Ra8 Bd2 44.Ra6 Ke7 45.Bc4 Nd8 46.Ra7+ Kf6 47.Rd7 Ba5 48.f4 Nf7 49.Ra7 Bb4
50.Ra6 Nd8 51.Kf3 Be7 52.Bb3 Bb4 53.Rb6 Be7 54.Rb8 Nc6 55.Rb7 Nd4+ 56.Kg2 Nxb3
57.Rxb3 Bd6 58.Kf3 e5 59.fxe5+ Bxe5 60.Rb5 Bc7 61.Rc5 Bb8 62.g4 f4 63.Ke4 g5
64.Rc6+ Kg7 65.Kf5 f3 66.Rb6 Bg3 67.Rb7+ Kg8 68.Kg6 f2 69.Rf7 Bf4 70.Ra7 Kf8
71.Ra1 Bg3 72.Kxh6 Bh4 73.Kg6 Bg3 74.h6 Be5 75.Rd1 Ke7 76.Rf1 Bd4 77.h7 Ke6
78.Rxf2  1-0

[Event "8th ch-Euro w"]
[Site "Dresden GER"]
[Date "2007.04.08"]
[Round "6"]
[White "Ptacnikova,L"]
[Black "Atnilov,Be"]
[Result "1/2-1/2"]
[WhiteElo "2308"]
[BlackElo "2164"]

1.Nf3 d5 2.g3 c6 3.Bg2 Nf6 4.O-O Bf5 5.d3 h6 6.Nc3 e6 7.Nd2 d4 8.Nce4 Be7
9.Nxf6+ Bxf6 10.e4 dxe3 11.fxe3 O-O 12.e4 Bg6 13.Nf3 Nd7 14.Qe2 Bh5 15.Kh1 Ne5
16.Be3 Nxf3 17.Bxf3 Bxf3+ 18.Qxf3 Bd4 19.Bc1 Qf6 20.Qe2 Qg6 21.e5 Rad8 22.Rf4 f5
23.exf6 Rxf6 24.c3 Bb6 25.d4 Bc7 26.Rxf6 Qxf6 27.Be3 Rf8 28.Re1 Qf5 29.Qg2 Qd5
30.Qxd5  1/2-1/2

[Event "8th ch-Euro w"]
[Site "Dresden GER"]
[Date "2007.04.08"]
[Round "6"]
[White "Dolzhikova,K"]
[Black "Khudaverdieva,A"]
[Result "1/2-1/2"]
[WhiteElo "2311"]
[BlackElo "2146"]

1.Nf3 d5 2.g3 Nf6 3.Bg2 g6 4.c4 Bg7 5.O-O O-O 6.cxd5 Nxd5 7.Nc3 Nb6 8.d4 Nc6
9.d5 Ne5 10.e4 Bd7 11.Qe2 c6 12.dxc6 Nxc6 13.Rd1 Qc8 14.Be3 Bg4 15.Rac1 Qe6
16.h3 Bxf3 17.Bxf3 Ne5 18.Bg2 Nec4 19.Bd4 Rac8 20.Bxg7 Kxg7 21.b3 Ne5 22.Nd5 Rxc1
23.Rxc1 Qd6 24.f4 Nc6 25.Kh2 Nxd5 26.exd5 Nb4 27.Rd1 Rd8 28.a3 Na6 29.Qe5+ f6
30.Qxd6 Rxd6 31.Rc1 Rd7 32.h4  1/2-1/2

[Event "18th Pobeskydi Chance Cup"]
[Site "Frydek Mistek CZE"]
[Date "2007.04.08"]
[Round "7"]
[White "Zickus,S"]
[Black "Jakubek,P"]
[Result "1/2-1/2"]
[WhiteElo "2265"]
[BlackElo "2188"]

1.Nf3 d5 2.g3 c6 3.Bg2 Bf5 4.O-O e6 5.d3 Nd7 6.Nc3 Bd6 7.Nd2 Ne7 8.e4 Bg6
9.Qe2 d4 10.Nd1 e5 11.f4 f6 12.Bh3 O-O 13.Be6+ Kh8 14.f5 Be8 15.a3 b5 16.g4 c5
17.Rf3 Bf7 18.Bxf7 Rxf7 19.Rh3 g5 20.fxg6 Nxg6 21.Nf3 Ndf8 22.Nf2 Ne6 23.Rg3 Qd7
24.Kh1 Kg8  1/2-1/2

[Event "8th ch-Euro"]
[Site "Dresden GER"]
[Date "2007.04.09"]
[Round "7"]
[White "Martinovic,Sa"]
[Black "Logothetis,S"]
[Result "1/2-1/2"]
[WhiteElo "2400"]
[BlackElo "2221"]

1.Nf3 d5 2.g3 g6 3.c4 d4 4.b4 Bg7 5.d3 e5 6.Bg2 Ne7 7.O-O O-O 8.Nbd2 a5 9.b5 c5
10.Nb3 Nd7 11.Ba3 Qc7 12.e3 a4 13.Nbd2 h6 14.exd4 exd4 15.Re1 Nf5 16.Ne4 Nd6
17.Bc1 Nxe4 18.Rxe4 Nf6 19.Bf4 Qb6 20.Re7 Nh5 21.Bc7 Qf6 22.Re4 Bf5 23.Be5 Qb6
24.Bxg7 Nxg7 25.Re5 Rfe8 26.Rxe8+ Rxe8 27.Nh4 Qa7 28.Qd2 Kh7 29.Nxf5 Nxf5
30.Re1 Rxe1+ 31.Qxe1 b6 32.Bd5 Qc7 33.Qe8 Kg7 34.Qa8 Qe5 35.Kf1 Qf6 36.Qxa4 Ne3+
37.Kg1 Nxd5 38.cxd5 Qe5 39.Qb3 Kf6 40.a4 Ke7 41.Kf1 Qc7 42.a5 bxa5 43.b6 Qb7
44.Qb5 Kd6 45.Qxa5 Kxd5 46.Qb5 Kd6 47.Ke2 h5 48.h4 f6 49.Kd2 Qf3 50.Ke1 Qh1+
51.Ke2 Qb7 52.Qe8 Qxb6 53.Qxg6 Qb2+ 54.Kf3 Qc2 55.Qxf6+ Kc7 56.Ke4 Qe2+ 57.Kd5 Qxd3
58.Kxc5 Qc3+ 59.Kd5 Qb3+ 60.Ke4 Qc2+ 61.Kf3 Qd1+ 62.Kf4 Qg4+ 63.Ke5 Qe2+
64.Kd5 Qb5+ 65.Ke4  1/2-1/2

[Event "8th ch-Euro"]
[Site "Dresden GER"]
[Date "2007.04.09"]
[Round "7"]
[White "Georgiev,Ki"]
[Black "Galkin,A"]
[Result "1/2-1/2"]
[WhiteElo "2660"]
[BlackElo "2590"]

1.Nf3 d5 2.g3 Bg4 3.Bg2 Nd7 4.c4 c6 5.cxd5 cxd5 6.Nc3 e6 7.Qa4 Bxf3 8.Bxf3 Nf6
9.O-O Be7 10.d3 O-O 11.Bd2 a6 12.Rfc1 b5 13.Qd1 Rc8 14.a3 h6 15.Bg2 Qb6 16.b4 Ng4
17.Qe1 Bg5 18.Nd1 Bxd2 19.Qxd2 Nge5 20.Qb2 Nc6 21.Rc3 Rc7 22.Rac1 Rfc8 23.Ne3 d4
24.Rxc6 dxe3 25.Rxc7 exf2+ 26.Kf1 Rxc7 27.Rxc7 Qxc7 28.Kxf2 Nb6 29.Qd4 Na4
30.Bf3 g6 31.Qf4 Qc3 32.Qxh6 Qxa3 33.Qf4 Nc3 34.Qb8+ Kg7 35.Qe5+ Kg8 36.Qb8+ Kg7
37.Qe5+ Kg8 38.Qb8+  1/2-1/2

[Event "8th ch-Euro"]
[Site "Dresden GER"]
[Date "2007.04.09"]
[Round "7"]
[White "Espig,L"]
[Black "Lobzhanidze,D"]
[Result "0-1"]
[WhiteElo "2351"]
[BlackElo "2450"]

1.Nf3 d5 2.g3 c6 3.Bg2 Bg4 4.b3 Nd7 5.Bb2 Ngf6 6.d3 a5 7.a3 e6 8.Nbd2 a4
9.b4 c5 10.bxc5 Bxc5 11.O-O O-O 12.c4 Bxf3 13.Nxf3 dxc4 14.dxc4 Qe7 15.Qc2 Rfc8
16.Ng5 Rc7 17.Ne4 Nxe4 18.Bxe4 h6 19.e3 Bd6 20.Qe2 Rac8 21.Rfc1 Be5 22.Rab1 Bxb2
23.Qxb2 Nc5 24.Bc2 h5 25.Rd1 e5 26.Qb5 h4 27.Rd5 Qf6 28.gxh4 Rc6 29.Qb2 Re8
30.Qc3 Qe6 31.f3 e4 32.Rg5 f6 33.Rg3 exf3 34.Rxf3 Ne4 35.Bxe4 Qxe4 36.Rbf1  0-1

[Event "8th ch-Euro"]
[Site "Dresden GER"]
[Date "2007.04.09"]
[Round "7"]
[White "Anastasian,A"]
[Black "Wichmann,C"]
[Result "1-0"]
[WhiteElo "2552"]
[BlackElo "2392"]

1.Nf3 d5 2.g3 c6 3.Bg2 Nf6 4.O-O Bf5 5.d3 h6 6.b3 Nbd7 7.Bb2 e6 8.Nbd2 Bc5
9.e4 dxe4 10.dxe4 Bh7 11.Qe2 O-O 12.e5 Nd5 13.Ne4 Be7 14.Rad1 Qc7 15.a3 Rad8
16.h4 N5b6 17.Rd2 Nb8 18.Nf6+ gxf6 19.exf6 Bd6 20.Ne5 Bg6 21.Qe3 Kh7 22.Rxd6 Qxd6
23.Bc1  1-0

[Event "8th ch-Euro"]
[Site "Dresden GER"]
[Date "2007.04.09"]
[Round "7"]
[White "Grunberg,M"]
[Black "Luther,T"]
[Result "1/2-1/2"]
[WhiteElo "2442"]
[BlackElo "2586"]

1.Nf3 d5 2.g3 e6 3.Bg2 b5 4.d4 Nf6 5.O-O Be7 6.b3 Ba6 7.Nbd2 O-O 8.Bb2 c5
9.c4 bxc4 10.bxc4 Nbd7 11.Qa4 Qc8 12.Ne5 cxd4 13.Nxd7 Nxd7 14.cxd5 Nb6 15.Qa5 Nxd5
16.Bxd5 exd5 17.Bxd4 Qe6 18.Rfe1 Rab8 19.Rab1 Rxb1 20.Nxb1 Rb8 21.Nc3 Bb4
22.Qa4 Bxc3 23.Bxc3 Bxe2 24.Qxa7 Re8 25.Qd4 f6 26.a4 h5 27.a5 Kh7 28.h4 Qf5
29.Qd2 Bb5 30.Rxe8 Bxe8 31.Qf4 Qb1+ 32.Kh2 d4 33.Bxd4 Bc6 34.f3 Qa2+ 35.Kh1 Qxa5
36.Kg2 Qa2+ 37.Bf2 Qb1 38.Qc4 Bb7 39.Qc5 Qg6 40.Qb5 Bc8 41.Qc6 Bf5 42.Qd5 Bd3
43.Bc5 Bb1 44.Kf2 Qe8 45.Qb3 Bg6 46.Qc4 Qd7 47.Qd4 Qb5 48.Qc3 Qb1 49.Qe3 Qd1
50.Qd4 Bd3 51.g4 Qf1+ 52.Kg3 Bg6 53.Qd5 hxg4 54.fxg4 Qb1 55.Be3 Qb8+ 56.Bf4 Qb4
57.Qd2 Qc4 58.g5 f5 59.Qd1 Qf7 60.Be5 Bh5 61.Qd4 Qb7 62.Qd3 Bg6 63.Qf3 Qf7
64.Qc3 Qa7 65.Qa1 Qb7 66.Bxg7 Qxg7 67.Qxg7+ Kxg7 68.Kf4 Kf7 69.Ke5 Bh7 70.h5 Kg7
71.Kf4 Bg6 72.Ke5 Bxh5 73.Kxf5  1/2-1/2

[Event "Elitzur Winter"]
[Site "Givataim ISR"]
[Date "2007.04.09"]
[Round "3"]
[White "Kantsler,B"]
[Black "Iclicki,W"]
[Result "1-0"]
[WhiteElo "2491"]
[BlackElo "2177"]

1.Nf3 d5 2.g3 c6 3.Bg2 Nf6 4.d3 Bg4 5.Nbd2 Nbd7 6.O-O e6 7.b3 Bd6 8.Bb2 O-O
9.c4 Qe7 10.a3 a5 11.Qc2 b5 12.e4 Bxf3 13.Bxf3 bxc4 14.bxc4 Rab8 15.Bg2 dxe4
16.Nxe4 Nxe4 17.Bxe4 c5 18.Rfe1 h6 19.Bg2 Nf6 20.Bc3 Bc7 21.Bc6 Rfd8 22.Rad1 Rd6
23.Bb5 Rbd8 24.Qe2 Nd7 25.Rd2 Nb8 26.Qg4 f6 27.Qe4 e5 28.f4 Re6 29.f5 Red6
30.g4 Rb6 31.h4 Qd6 32.Bxa5 Rb7 33.Bc3 Ra7 34.a4 Ba5 35.Bxa5 Rxa5 36.g5 Qd4+
37.Qxd4 Rxd4 38.gxf6 gxf6 39.Re4 Na6 40.Rxd4 cxd4 41.Bxa6 Rxa6 42.Ra2 Kf7
43.Kf2 Ke7 44.a5 Kd6 45.Kf3 h5 46.Ke4 Kc5 47.Ra1 Kd6 48.Rb1 Rxa5 49.Rb6+ Ke7
50.Rb7+ Ke8 51.Rc7 Ra1 52.c5 Re1+ 53.Kd5 e4 54.Kxd4 exd3 55.Kxd3 Re5 56.Kc4 Kd8
57.Rh7 Rxf5 58.Kb5  1-0

[Event "1st Archil Ebralidze Mem"]
[Site "Tbilisi GEO"]
[Date "2007.04.10"]
[Round "9"]
[White "Magalashvili,D"]
[Black "Hayrapetian,A"]
[Result "0-1"]
[WhiteElo "2474"]
[BlackElo "2396"]

1.Nf3 d5 2.g3 c6 3.Bg2 Bg4 4.c4 e6 5.Qb3 Qc8 6.O-O Nd7 7.d4 Be7 8.Nc3 Ngf6
9.Ne5 Bf5 10.cxd5 exd5 11.Bf4 O-O 12.Rac1 Be6 13.Bg5 h6 14.Bd2 Nxe5 15.dxe5 d4
16.exf6 Bxb3 17.fxe7 Re8 18.Ne4 Bxa2 19.Nd6 Qe6 20.Nxe8 Qxe7 21.Nxg7 Kxg7
22.e3 c5 23.exd4 cxd4 24.Rfe1 Qd7 25.Re4 Kg6 26.Rh4 Be6 27.Rxh6+ Kg7 28.Rh4 Rc8
29.Rxc8 Qxc8 30.Rxd4 b5 31.Bc3 Kg6 32.Rf4 f5 33.Bf1 Qc6 34.Bd3 Qd5 35.Bc2 Kh6
36.Rd4 Qa2 37.h4 a5 38.Rd6 Kh7 39.g4 b4 40.Bd4 Qc4 41.gxf5 Bd5 42.f6+ Kg8
43.Rd8+ Kf7 44.Rd7+ Ke8 45.Rxd5 Qxd5 46.Bg6+ Kf8 47.Be3 Qd1+ 48.Kh2 Qd6+
49.Kh3 Qxf6 50.h5 Qxb2 51.h6 a4 52.Be4 Qe5 53.Bb1 b3 54.Kg4 a3  0-1

[Event "8th ch-Euro w"]
[Site "Dresden GER"]
[Date "2007.04.11"]
[Round "8"]
[White "Kovalevskaya,E"]
[Black "Mamedjarova,Z"]
[Result "1-0"]
[WhiteElo "2432"]
[BlackElo "2354"]

1.Nf3 d5 2.g3 g6 3.Bg2 Bg7 4.d4 Nf6 5.O-O O-O 6.Be3 c6 7.Qc1 Bf5 8.c4 dxc4
9.Qxc4 Nd5 10.Bd2 Be4 11.e3 Nd7 12.Qb3 N7f6 13.Rc1 Qd6 14.Be1 Nb6 15.Bb4 Qd8
16.Nbd2 Bf5 17.Ba5 Be6 18.Qd3 h6 19.Nb3 Nfd7 20.Nfd2 Qb8 21.Bb4 Re8 22.e4 Bf8
23.Na5 Bg7 24.Ndb3 Nf6 25.Nc5 Bc8 26.Bd2 Nfd7 27.b4 e5 28.Bc3 exd4 29.Nxd7 Nxd7
30.Bxd4 Qd6 31.Nb3 Qxb4 32.Bxg7 Kxg7 33.Rab1 Qe7 34.Na5 Nb6 35.Nb3 Be6 36.Qe2 Bxb3
37.Rxb3 Rad8 38.h4 h5 39.Qb2+ Qe5 40.Qa3 Ra8 41.f4 Qd4+ 42.Kh2 Red8 43.e5 Rd7
44.Rb4 Qd2 45.Rcb1 Rd3 46.R4b3 Rad8 47.Qxa7 Qf2 48.Rxd3 Rxd3 49.Qxb6 Qxg3+
50.Kh1 Qxh4+ 51.Kg1 Qxf4 52.e6 fxe6 53.Qxb7+ Kh6 54.Qxc6 Rd2 55.Qf3 Qd4+
56.Kh1 Qh4+ 57.Bh3 Rd4 58.Qe3+ Rf4 59.Rb8 Qg5 60.Rb3 Qd5+ 61.Bg2 Qd1+ 62.Kh2 Qg4
63.Qe5 Rf8 64.Qg3 Qa4 65.Ra3 Qb4 66.Ra7 Rf4 67.Qe3 Qd6 68.Ra6 Qxa6 69.Qxf4+ Kh7
70.a4 Qa5 71.Be4 Kg7 72.Bg2 Qc5 73.Qe4 Qd6+ 74.Kg1 Qc5+ 75.Kh1 Qc1+ 76.Kh2 Qc7+
77.Kh3 Qc3+ 78.Qf3 Qe5 79.Qb7+ Kh6 80.Qe4 Qc3+ 81.Bf3 Kg7 82.Kg3 Qc7+ 83.Kg2 Qc5
84.Be2 Qa5 85.Bd3 Qg5+ 86.Kh3 Kf8 87.Qxg6 Qf4 88.Qe4 Qd2 89.Qf3+ Ke7 90.Bb5 Qe1
91.Kg2 Qd2+ 92.Qe2 Qg5+ 93.Kf3 h4 94.Qe3 Qg3+ 95.Ke4 Qg2+ 96.Qf3 h3 97.Bc6 Qc2+
98.Kf4 Qf5+ 99.Kg3 Qg5+ 100.Kxh3 Qh6+ 101.Kg4 Qg6+ 102.Kf4 Qf6+ 103.Ke4 Qb2
104.Bb5 Qb4+ 105.Ke3 Qc3+ 106.Kf2 Qd2+ 107.Qe2 Qf4+ 108.Kg2 Qg5+ 109.Kf3 Qf5+
110.Ke3 Qc5+ 111.Kd3 Qa3+ 112.Kc4 Qc1+ 113.Kb4 Qf4+ 114.Qc4 Qd2+ 115.Qc3 Qf4+
116.Ka5 Qf2 117.Ka6 Kd8 118.Qc6 Ke7 119.Bc4 Qc2 120.Qxe6+ Kd8 121.Bb5 Kc7
122.Qd7+  1-0

[Event "Open"]
[Site "Sydney AUS"]
[Date "2007.04.11"]
[Round "3"]
[White "Stojic,D"]
[Black "Yu,D"]
[Result "0-1"]
[WhiteElo "2271"]
[BlackElo "1958"]

1.Nf3 d5 2.g3 Bg4 3.Bg2 Nd7 4.c4 dxc4 5.Na3 Ngf6 6.Nxc4 c6 7.O-O g6 8.Nce5 Nxe5
9.Nxe5 Be6 10.d4 Bg7 11.e4 O-O 12.Be3 Qc7 13.Qc2 Rac8 14.Rac1 Rfd8 15.Rfd1 c5
16.Nf3 Ng4 17.Bf4 Qb6 18.d5 Bd7 19.h3 Nf6 20.Ne5 Nh5 21.Nc4 Qa6 22.Bg5 Bf6
23.Bxf6 Nxf6 24.b3 Ne8 25.a4 Nd6 26.Ne3 c4 27.Nxc4 Nxc4 28.Bf1 Ne3 29.Qxc8 Rxc8
30.Bxa6 Nxd1 31.Rxd1 bxa6 32.Rd3 Bxh3 33.f4 Rc2 34.d6 exd6 35.Rxd6 Be6 36.Rxa6 Bxb3
37.Rxa7 Rc4 38.a5 Rxe4 39.a6 Ra4 40.Ra8+ Kg7 41.a7 Bd5 42.Rd8 Be4 43.Rd7 Ra2  0-1

[Event "8th ch-Euro"]
[Site "Dresden GER"]
[Date "2007.04.12"]
[Round "9"]
[White "Ruck,R"]
[Black "Galkin,A"]
[Result "1/2-1/2"]
[WhiteElo "2534"]
[BlackElo "2590"]

1.Nf3 d5 2.g3 Bg4 3.Bg2 Nd7 4.c4 e6 5.O-O Bxf3 6.Bxf3 Ne5 7.Qb3 Nxf3+ 8.Qxf3 Nf6
9.b3 Be7 10.Bb2 O-O 11.d3 c6 12.Nc3  1/2-1/2

[Event "Open"]
[Site "Sydney AUS"]
[Date "2007.04.12"]
[Round "5"]
[White "Bernardino J.,A"]
[Black "Tredinnick,M"]
[Result "1-0"]
[WhiteElo "2146"]
[BlackElo "2216"]

1.Nf3 d5 2.g3 Nf6 3.Bg2 c6 4.O-O Bg4 5.c4 Bxf3 6.Bxf3 e6 7.Qc2 Bd6 8.b3 h5
9.d4 h4 10.Bg5 hxg3 11.hxg3 Qc7 12.Kg2 Nbd7 13.Nd2 O-O-O 14.e4 Be7 15.Bf4 Qa5
16.e5 Nh5 17.Be3 g6 18.a3 Kb8 19.b4 Qc7 20.Rfc1 Rc8 21.Qb3 Qd8 22.b5 Qb6
23.a4 Ng7 24.c5 Qd8 25.Rab1 Qc7 26.bxc6 Qxc6 27.Be2 a6 28.Bb5 axb5 29.axb5 Qc7
30.Qa2 Rcg8 31.c6 Nb6 32.Ra1 bxc6 33.Rxc6 Qb7 34.Rxb6  1-0